[Event "London Classic rapid op"]
[Site "London"]
[Date "2017.12.09"]
[Round "1.2"]
[White "Zakarian, David"]
[Black "Gupta, Arul"]
[Result "0-1"]
[WhiteElo "2346"]
[BlackElo "1957"]
[PlyCount "52"]
[EventDate "2017.12.09"]
[EventType "swiss (rapid)"]
[EventRounds "6"]
[EventCountry "ENG"]
[SourceTitle "CBM 182 Extra"]
[Source "ChessBase"]
[SourceDate "2018.02.23"]
[SourceVersion "1"]
[SourceVersionDate "2018.02.23"]
[SourceQuality "1"]

1. e4 e5 2. f4 d5 3. exd5 c6 4. Nc3 cxd5 5. Bb5+ Nc6 6. fxe5 d4 7. Nce2 Bg4 8. Nf3 Bxf3 9. gxf3 Qd5 10. Bxc6+ bxc6 11. Ng3 Qxe5+ 12. Kf2 0-0-0 13. Re1 Qd5 14. Qe2 d3 15. cxd3 Bc5+ 16. Kg2 Nf6 17. Qe5 Rhe8 18. Qxd5 Nxd5 19. Rxe8 Nf4+ 20. Kf1 Rxe8 21. Ne4 Nxd3 22. b4 Bxb4 23. Rb1 f5 24. Rxb4 fxe4 25. Rb1 exf3 26. Ba3 f2 0-1

[Event "Southend op 60th"]
[Site "Southend"]
[Date "2016.03.27"]
[Round "6"]
[White "Gupta, Arul"]
[Black "Brooke, John1111"]
[Result "1-0"]
[WhiteElo "2039"]
[BlackElo "1700"]
[PlyCount "91"]
[EventDate "2016.03.25"]
[EventType "swiss"]
[EventRounds "7"]
[EventCountry "ENG"]
[SourceTitle "EXT 2017"]
[Source "ChessBase"]
[SourceDate "2016.10.25"]
[SourceVersion "1"]
[SourceVersionDate "2016.10.25"]
[SourceQuality "1"]

1. e4 c5 2. Nf3 Nf6 3. e5 Nd5 4. c4 Nb6 5. Nc3 e6 6. b3 Be7 7. a4 a5 8. Ba3 Nc6 9. Nb5 d6 10. exd6 Bxd6 11. d4 Nb4 12. Bxb4 axb4 13. a5 Nd5 14. cxd5 0-0 15. dxe6 Bxe6 16. Bd3 Be7 17. 0-0 Rxa5 18. Rxa5 Qxa5 19. dxc5 Bf6 20. Nd6 Qxc5 21. Ne4 Qe7 22. Nxf6+ Qxf6 23. Qe2 Bxb3 24. Bxh7+ Kxh7 25. Qd3+ Kg8 26. Qxb3 Qc3 27. Rb1 Rc8 28. h3 Rc4 29. Ne5 Rf4 30. Qxc3 bxc3 31. Rxb7 Re4 32. Nf3 Rc4 33. Rb1 f6 34. Kf1 Kf7 35. Ke2 Ke6 36. Kd3 c2 37. Rc1 Kd5 38. Rxc2 Rxc2 39. Kxc2 Ke4 40. Kd2 g5 41. Ke2 Kf4 42. g3+ Ke4 43. Nd2+ Kd4 44. Kf3 f5 45. h4 g4+ 46. Kf4 1-0

[Event "London Academy final op"]
[Site "London"]
[Date "2014.11.20"]
[Round "3"]
[White "Bin Suhayl, Ieysaa"]
[Black "Gupta, Arul"]
[Result "0-1"]
[WhiteElo "1719"]
[BlackElo "2049"]
[PlyCount "118"]
[EventDate "2014.11.19"]
[EventType "swiss"]
[EventRounds "9"]
[EventCountry "ENG"]
[SourceTitle "CBM 163 Extra"]
[Source "ChessBase"]
[SourceDate "2014.12.23"]
[SourceVersion "1"]
[SourceVersionDate "2014.12.23"]
[SourceQuality "1"]

1. d4 Nf6 2. c4 e6 3. Nc3 Bb4 4. e3 0-0 5. Bd3 d5 6. Nge2 c5 7. 0-0 Nc6 8. a3 Bxc3 9. bxc3 Qe7 10. Nf4 dxc4 11. Bxc4 Rd8 12. Bb2 e5 13. Ne2 exd4 14. cxd4 Bg4 15. Re1 cxd4 16. exd4 Rac8 17. Ba2 Re8 18. Kf1 Qd6 19. Kg1 Bxe2 20. Rxe2 Rxe2 21. Qxe2 Nxd4 22. Qd3 Rd8 23. h3 h6 24. Kh1 Nc6 25. Qf3 Qd3 26. Qxd3 Rxd3 27. Bxf6 gxf6 28. Kg1 Kg7 29. Bc4 Rc3 30. Bd5 b6 31. Kf1 Nd4 32. a4 Nc2 33. Rd1 Ra3 34. Bc6 Ra1 35. Rxa1 Nxa1 36. a5 Nc2 37. axb6 axb6 38. Be4 Nd4 39. Ke1 f5 40. Bb1 Kf6 41. f4 Ne6 42. g3 Nc5 43. Kd2 h5 44. Ke3 Ke6 45. Ba2+ Kf6 46. Bd5 Ne6 47. Kd3 h4 48. Bxe6 fxe6 49. gxh4 e5 50. fxe5+ Kxe5 51. h5 Kf6 52. h4 b5 53. Kd4 Kg7 54. Ke5 b4 55. Kd4 f4 56. Kd3 Kh6 57. Ke4 Kxh5 58. Kxf4 b3 59. Ke3 b2 0-1

[Event "BCF-ch U13"]
[Site "Aberystwyth"]
[Date "2014.07.23"]
[Round "2"]
[White "Gupta, Arul"]
[Black "Daniel, Sharon"]
[Result "1-0"]
[WhiteElo "177"]
[BlackElo "139"]
[PlyCount "107"]
[EventDate "2014.07.22"]
[EventType "swiss"]
[EventRounds "7"]
[EventCountry "WLS"]
[SourceTitle "CBM 161 Extra"]
[Source "ChessBase"]
[SourceDate "2014.08.29"]
[SourceVersion "1"]
[SourceVersionDate "2014.08.29"]
[SourceQuality "1"]

1. e4 c5 2. Nf3 e6 3. c3 Nf6 4. Bd3 Nc6 5. Bc2 Qc7 6. 0-0 Be7 7. Re1 d6 8. a3 a6 9. d4 cxd4 10. cxd4 0-0 11. Nc3 Rd8 12. Bg5 h6 13. Bh4 Nd7 14. d5 Nde5 15. Bg3 Nxf3+ 16. Qxf3 Nd4 17. Qd3 Nxc2 18. Qxc2 Bf6 19. Rac1 Kh8 20. Red1 e5 21. f3 Bd7 22. Bf2 Bg5 23. Rb1 Rac8 24. h4 Bf6 25. Rdc1 b5 26. Qd2 Qb7 27. g4 g5 28. h5 Rg8 29. b3 Bd8 30. Qe3 Rb8 31. Na2 Qa8 32. Qa7 Qxa7 33. Bxa7 Bb6+ 34. Bxb6 Rxb6 35. Rc7 Rd8 36. Nb4 a5 37. Nc6 Bxc6 38. dxc6 Re8 39. Rd1 Re6 40. Rc1 Re8 41. Rb7 Ra6 42. c7 Raa8 43. Rc6 Kg7 44. Rxd6 Rac8 45. Rd7 a4 46. Rxb5 axb3 47. Rxb3 Kg8 48. a4 Kg7 49. a5 Ra8 50. a6 Rxa6 51. Rb8 Ra8 52. Rxe8 Rxe8 53. Rd8 Rxd8 54. cxd8Q 1-0

[Event "London Classic op 5th"]
[Site "London"]
[Date "2013.12.07"]
[Round "1"]
[White "Coleman, David"]
[Black "Gupta, Arul"]
[Result "1-0"]
[WhiteElo "2257"]
[BlackElo "1840"]
[PlyCount "101"]
[EventDate "2013.12.07"]
[EventType "swiss"]
[EventRounds "9"]
[EventCountry "ENG"]
[SourceTitle "CBM 157 Extra"]
[Source "ChessBase"]
[SourceDate "2013.12.19"]
[SourceVersion "1"]
[SourceVersionDate "2013.12.19"]
[SourceQuality "1"]

1. e4 e5 2. d4 exd4 3. Qxd4 Nc6 4. Qe3 Nf6 5. Nc3 Bb4 6. Bd2 0-0 7. 0-0-0 Re8 8. Qg3 Nxe4 9. Nxe4 Rxe4 10. c3 Be7 11. f4 d5 12. Bd3 Bh4 13. Qf3 Re8 14. g4 d4 15. Qg2 g6 16. Nf3 Bf6 17. c4 Qd6 18. a3 a5 19. h4 Bg7 20. h5 Bd7 21. hxg6 fxg6 22. Ng5 h6 23. Ne4 Qe7 24. Rde1 Qf7 25. Kb1 Be6 26. Rc1 a4 27. Rhf1 Na5 28. Bxa5 Rxa5 29. Qd2 Raa8 30. f5 gxf5 31. gxf5 Bxf5 32. Nf6+ Qxf6 33. Rxf5 Qe7 34. Qg2 Qe3 35. Rf3 Qg5 36. Rg3 Qe5 37. Rg6 Ra6 38. c5 Rc6 39. Rg1 Re7 40. Rxc6 bxc6 41. Qg6 Qd5 42. Rf1 Rf7 43. Re1 Kf8 44. Be4 Qxc5 45. Qe6 Qe5 46. Qc8+ Ke7 47. Re2 Rf1+ 48. Ka2 Kf7 49. Qd7+ Kf8 50. Bg6 Qxe2 51. Qd8+ 1-0

[Event "Coulsdon Jessie Gilbert 6th"]
[Site "Coulsdon"]
[Date "2013.08.23"]
[Round "9"]
[White "Calvert, David Ian"]
[Black "Gupta, Arul"]
[Result "1/2-1/2"]
[WhiteElo "1977"]
[BlackElo "1781"]
[PlyCount "72"]
[EventDate "2013.08.17"]
[EventType "swiss"]
[EventRounds "11"]
[EventCountry "ENG"]
[SourceTitle "CBM 156 Extra"]
[Source "ChessBase"]
[SourceDate "2013.10.22"]
[SourceVersion "1"]
[SourceVersionDate "2013.10.22"]
[SourceQuality "1"]

1. b3 e5 2. Bb2 Nc6 3. e3 Nf6 4. Nf3 e4 5. Nd4 Nxd4 6. Bxd4 d5 7. c4 c5 8. Bxf6 Qxf6 9. Nc3 d4 10. Nxe4 Qe5 11. Bd3 dxe3 12. dxe3 Bf5 13. f4 Qe6 14. Ng5 Qxe3+ 15. Qe2 Qxe2+ 16. Kxe2 Bxd3+ 17. Kxd3 Be7 18. Kc2 Bxg5 19. fxg5 0-0-0 20. Rhf1 Rd7 21. Rae1 h6 22. gxh6 Rxh6 23. h3 Ra6 24. a4 Rg6 25. Re2 Rg3 26. Rf3 Rxf3 27. gxf3 Rd6 28. Re5 b6 29. Re7 Rf6 30. Rxa7 Rxf3 31. a5 Rxh3 32. Rxf7 bxa5 33. Rxg7 a4 34. bxa4 Rh2+ 35. Kc3 Rh3+ 36. Kc2 Rh2+ 1/2-1/2

[Event "Coulsdon Jessie Gilbert 6th"]
[Site "Coulsdon"]
[Date "2013.08.21"]
[Round "6"]
[White "Gupta, Arul"]
[Black "Haria, Ravi"]
[Result "1-0"]
[WhiteElo "1781"]
[BlackElo "2133"]
[PlyCount "101"]
[EventDate "2013.08.17"]
[EventType "swiss"]
[EventRounds "11"]
[EventCountry "ENG"]
[SourceTitle "CBM 156 Extra"]
[Source "ChessBase"]
[SourceDate "2013.10.22"]
[SourceVersion "1"]
[SourceVersionDate "2013.10.22"]
[SourceQuality "1"]

1. e4 e6 2. d4 d5 3. Nd2 Nf6 4. e5 Nfd7 5. Ngf3 c5 6. c3 Nc6 7. Bd3 g6 8. h4 h6 9. Bc2 b6 10. 0-0 Ba6 11. Re1 g5 12. hxg5 hxg5 13. g4 Be7 14. a3 Qc7 15. Nf1 Bxf1 16. Kxf1 0-0-0 17. Kg2 Kb7 18. b4 cxd4 19. cxd4 f6 20. Bb2 fxe5 21. dxe5 Rdf8 22. Rc1 Rf4 23. Nd4 Nxd4 24. Ba4 Qd8 25. Bxd4 Rh4 26. f3 Nf8 27. Bc6+ Kb8 28. Qd3 Rxd4 29. Qxd4 Ng6 30. Rh1 Qh8 31. Rxh4 Qxh4 32. Rh1 Nf4+ 33. Qxf4 Qxh1+ 34. Kxh1 gxf4 35. Bd7 b5 36. Bxe6 d4 37. Kg2 Bf8 38. Bd7 a6 39. Kf2 Kc7 40. e6 d3 41. Ke1 a5 42. Kd2 axb4 43. axb4 Bxb4+ 44. Kxd3 Kd6 45. Ke4 Bc3 46. Kf5 b4 47. Ba4 Ke7 48. Bb3 Bd2 49. Kg6 Bc3 50. g5 Kf8 51. Kh7 1-0

[Event "GBR-ch 100th U14"]
[Site "Torquay"]
[Date "2013.08.07"]
[Round "5"]
[White "Claridge Hansen, William"]
[Black "Gupta, Arul"]
[Result "1-0"]
[WhiteElo "1803"]
[BlackElo "1780"]
[PlyCount "107"]
[EventDate "2013.08.04"]
[EventType "swiss"]
[EventRounds "7"]
[EventCountry "ENG"]
[SourceTitle "EXT 2019"]
[Source "ChessBase"]
[SourceDate "2018.10.10"]
[SourceVersion "1"]
[SourceVersionDate "2018.10.10"]
[SourceQuality "1"]

1. Nf3 d5 2. g3 e6 3. Bg2 f5 4. c4 c6 5. 0-0 Nf6 6. d3 Bd6 7. Nc3 0-0 8. e4 dxe4 9. dxe4 e5 10. exf5 Bxf5 11. Qb3 Qb6 12. Qxb6 axb6 13. Re1 Nbd7 14. Ng5 Nc5 15. Be3 h6 16. Bxc5 Bxc5 17. Bh3 Bxh3 18. Nxh3 Ng4 19. Re2 Rf3 20. Kg2 Raf8 21. Ne4 Bd4 22. Rd2 R3f7 23. Re1 g6 24. Ree2 Kg7 25. Rd3 Nf6 26. Nxf6 Rxf6 27. f4 Rd6 28. fxe5 Bxe5 29. Rb3 Bd4 30. Nf4 Kf7 31. Rf3 Rf6 32. Ne6 Bc5 33. Nxf8 Rxf3 34. Kxf3 Kxf8 35. Ke4 Ke7 36. a3 Kf6 37. b4 Bd6 38. Rd2 Ke6 39. g4 Be7 40. h3 Bd6 41. h4 Be7 42. h5 gxh5 43. gxh5 Bg5 44. Rf2 Be7 45. Rf5 Bf6 46. a4 Bc3 47. b5 Bf6 48. bxc6 bxc6 49. Rxf6+ Kxf6 50. c5 b5 51. a5 b4 52. a6 b3 53. Kd3 Ke5 54. a7 1-0

[Event "Brighton e2e4 Challengers"]
[Site "Brighton"]
[Date "2013.02.19"]
[Round "6"]
[White "Gupta, Arul"]
[Black "Hoare, Amy B"]
[Result "1/2-1/2"]
[WhiteElo "1760"]
[BlackElo "1870"]
[PlyCount "63"]
[EventDate "2013.02.16"]
[EventType "swiss"]
[EventRounds "9"]
[EventCountry "ENG"]
[SourceTitle "EXT 2014"]
[Source "ChessBase"]
[SourceDate "2013.11.20"]
[SourceVersion "1"]
[SourceVersionDate "2013.11.20"]
[SourceQuality "1"]

1. c4 Nf6 2. g3 g6 3. Bg2 d5 4. cxd5 Nxd5 5. Nc3 Nb6 6. Nf3 Bg7 7. 0-0 Nc6 8. d3 0-0 9. Be3 e5 10. Qd2 Re8 11. Bh6 Bh8 12. Rac1 Nd4 13. Nxd4 exd4 14. Ne4 c6 15. Rfe1 Nd5 16. Nc5 Qd6 17. Ne4 Qe7 18. Bf4 Nxf4 19. Qxf4 Be5 20. Qd2 f5 21. Ng5 h6 22. Nf3 Bg7 23. e3 dxe3 24. Rxe3 Be6 25. Rce1 Qf7 26. b3 Bd7 27. d4 Be6 28. Qe2 Bd7 29. Qd2 Be6 30. Qe2 Bd7 31. Qd2 Be6 32. Qe2 1/2-1/2

[Event "Brighton e2e4 Challengers"]
[Site "Brighton"]
[Date "2013.02.18"]
[Round "5"]
[White "Baterdene, Tsogbayar"]
[Black "Gupta, Arul"]
[Result "1-0"]
[WhiteElo "1781"]
[BlackElo "1760"]
[PlyCount "121"]
[EventDate "2013.02.16"]
[EventType "swiss"]
[EventRounds "9"]
[EventCountry "ENG"]
[SourceTitle "EXT 2014"]
[Source "ChessBase"]
[SourceDate "2013.11.20"]
[SourceVersion "1"]
[SourceVersionDate "2013.11.20"]
[SourceQuality "1"]

1. e4 e5 2. Nf3 Nc6 3. Bb5 a6 4. Ba4 Nf6 5. 0-0 Be7 6. Re1 b5 7. Bb3 d6 8. c3 0-0 9. h3 Na5 10. Bc2 c5 11. d4 Qc7 12. Nbd2 cxd4 13. cxd4 Nc6 14. Nb3 Nb4 15. Bb1 a5 16. a3 Na6 17. Be3 Bd7 18. Bd3 a4 19. Rc1 Qb8 20. Nbd2 Rc8 21. Rxc8+ Bxc8 22. Qc2 Bd7 23. Rc1 exd4 24. Nxd4 Nc5 25. Be2 b4 26. Qc4 bxa3 27. bxa3 Qb2 28. Rb1 Qxa3 29. Nc2 Be6 30. Nxa3 Bxc4 31. Bxc4 Rd8 32. Bd5 Nxd5 33. exd5 Bf6 34. Rb5 Nd3 35. Ndc4 h6 36. Kf1 Ne5 37. Ra5 Nxc4 38. Nxc4 Kf8 39. Rxa4 Be5 40. Nxe5 dxe5 41. d6 Ke8 42. Bc5 Rc8 43. Bb6 Rc1+ 44. Ke2 Kd7 45. Bc7 Rc2+ 46. Ke3 f5 47. Ra5 Ke6 48. g3 Rc3+ 49. Kd2 Rc4 50. Ra3 e4 51. Ke3 g5 52. f4 exf3 53. Kxf3 Rd4 54. Re3+ Kf7 55. Re7+ Kf8 56. Ke3 Rd5 57. Rh7 g4 58. hxg4 fxg4 59. d7 h5 60. d8Q+ Rxd8 61. Bxd8 1-0

[Event "London Imperial College op"]
[Site "London"]
[Date "2013.02.03"]
[Round "5"]
[White "Gupta, Arul"]
[Black "Villiers, Thomas"]
[Result "0-1"]
[WhiteElo "1760"]
[BlackElo "2004"]
[PlyCount "35"]
[EventDate "2013.02.01"]
[EventType "swiss"]
[EventRounds "5"]
[EventCountry "ENG"]
[SourceTitle "CBM 153 Extra"]
[Source "ChessBase"]
[SourceDate "2013.04.22"]
[SourceVersion "1"]
[SourceVersionDate "2013.04.22"]
[SourceQuality "1"]

1. c4 e5 2. Nc3 Nf6 3. e4 Nc6 4. g3 d6 5. Bg2 Be6 6. d3 Be7 7. Nge2 Qd7 8. 0-0 Bh3 9. f4 Bxg2 10. Kxg2 h5 11. Nd5 h4 12. f5 hxg3 13. hxg3 0-0-0 14. Nxe7+ Qxe7 15. Bg5 Rh2+ 16. Kxh2 Ng4+ 17. Kg2 Qxg5 18. Rf3 0-1

[Event "London Imperial College op"]
[Site "London"]
[Date "2013.02.02"]
[Round "2"]
[White "Hjort, Helge"]
[Black "Gupta, Arul"]
[Result "1/2-1/2"]
[WhiteElo "1989"]
[BlackElo "1760"]
[PlyCount "99"]
[EventDate "2013.02.01"]
[EventType "swiss"]
[EventRounds "5"]
[EventCountry "ENG"]
[SourceTitle "CBM 153 Extra"]
[Source "ChessBase"]
[SourceDate "2013.04.22"]
[SourceVersion "1"]
[SourceVersionDate "2013.04.22"]
[SourceQuality "1"]

1. d4 d5 2. c4 e6 3. Nf3 Nf6 4. g3 Be7 5. Bg2 0-0 6. 0-0 dxc4 7. Ne5 Nc6 8. Bxc6 bxc6 9. Nxc6 Qe8 10. Nxe7+ Qxe7 11. Qa4 Bb7 12. Qxc4 Rfd8 13. Nc3 Nd5 14. Nxd5 Bxd5 15. Qc5 Qf6 16. f3 Bb7 17. Bg5 Qxd4+ 18. Qxd4 Rxd4 19. Be3 Rd7 20. Rfd1 Rad8 21. Rxd7 Rxd7 22. Kf2 a6 23. Rc1 f6 24. Ke1 Kf7 25. Bd2 e5 26. Ba5 c6 27. e4 Rd4 28. Bc3 Rd7 29. Ke2 Ke6 30. Bb4 g6 31. Rc5 f5 32. Bc3 fxe4 33. Rxe5+ Kf7 34. fxe4 Re7 35. Kd3 Rxe5 36. Bxe5 Ke6 37. Bd4 a5 38. Kc4 Ba6+ 39. Kc5 Bb5 40. Bc3 a4 41. e5 h5 42. h4 Kd7 43. Kb4 Ke7 44. b3 axb3 45. a4 Bd3 46. Kc5 Kd7 47. Kb6 Be2 48. a5 Bd3 49. a6 c5 50. Kb7 1/2-1/2

[Event "West Bromwich e2e4 op"]
[Site "West Bromwich"]
[Date "2013.01.27"]
[Round "5"]
[White "Gupta, Arul"]
[Black "Webster, Richard J"]
[Result "1/2-1/2"]
[WhiteElo "1762"]
[BlackElo "1977"]
[PlyCount "30"]
[EventDate "2013.01.25"]
[EventType "swiss"]
[EventRounds "5"]
[EventCountry "ENG"]
[SourceTitle "CBM 152 Extra"]
[Source "ChessBase"]
[SourceDate "2013.02.25"]
[SourceVersion "1"]
[SourceVersionDate "2013.02.25"]
[SourceQuality "1"]

1. c4 e6 2. e4 d5 3. cxd5 exd5 4. e5 Ne7 5. d4 c6 6. Nc3 Bf5 7. Nf3 h6 8. Bd3 Bxd3 9. Qxd3 Qd7 10. 0-0 Na6 11. a3 Nc7 12. Be3 Qf5 13. Qe2 g5 14. b4 Bg7 15. b5 0-0 1/2-1/2

[Event "West Bromwich e2e4 op"]
[Site "West Bromwich"]
[Date "2013.01.26"]
[Round "2"]
[White "Haria, Ravi"]
[Black "Gupta, Arul"]
[Result "1-0"]
[WhiteElo "2050"]
[BlackElo "1762"]
[PlyCount "95"]
[EventDate "2013.01.25"]
[EventType "swiss"]
[EventRounds "5"]
[EventCountry "ENG"]
[SourceTitle "CBM 152 Extra"]
[Source "ChessBase"]
[SourceDate "2013.02.25"]
[SourceVersion "1"]
[SourceVersionDate "2013.02.25"]
[SourceQuality "1"]

1. e4 e5 2. Nf3 Nc6 3. Bb5 a6 4. Ba4 Nf6 5. 0-0 Be7 6. Re1 b5 7. Bb3 d6 8. c3 0-0 9. h3 Na5 10. Bc2 c5 11. d4 Qc7 12. Nbd2 cxd4 13. cxd4 Nc6 14. a3 Bd7 15. d5 Na5 16. b4 Rfc8 17. Ra2 Nc4 18. Nxc4 Qxc4 19. Bb3 Qc7 20. Rae2 Qb7 21. Rd2 Bd8 22. Bb2 Bb6 23. Kh2 Qa7 24. Qe2 Nh5 25. Ng5 Nf4 26. Qf3 f6 27. Ne6 Bxe6 28. dxe6 Qe7 29. Red1 Rd8 30. g3 Ng6 31. Qg4 Kh8 32. f4 exf4 33. gxf4 Be3 34. f5 Bf4+ 35. Kg2 Bxd2 36. fxg6 Bh6 37. gxh7 f5 38. exf5 Qg5 39. Bc1 Qxg4+ 40. hxg4 Bxc1 41. Rxc1 Rdc8 42. Re1 Rc3 43. Bd5 Re8 44. g5 Rd3 45. Bc6 Rc8 46. e7 Rxa3 47. g6 Ra2+ 48. Kg1 1-0